| 000 | | | 04106nmc2a22002653x 450 |
| 001 | | | 682c7c8d-02e0-4fa7-89f2-2c92d45eb588 |
| 005 | | | 20201022020024.0 |
| 100 | ## | $a | 20200316l19101911k l0rusy0189 ca |
| 101 | 0# | $a | rus |
| 102 | ## | $a | RU |
| 105 | ## | $a | y### |
| 122 | 2# | $a | d |
| 200 | 1# | $a | Дело о преобразовании городских училищ Казанского учебного округа |
| | $j | 7 января 1910 г. - 22 июня 1911 г. |
| 215 | ## | $a | 58 л. |
| | $d | 36,5х26 см |
| 251 | ## | $c | Дело |
| 300 | ## | $a | Дело |
| 300 | ## | $a | Ориг. заголовок дела: Дело об отпуске кредита на преобразование городских училищ по Казанскому учебному округу. 7 января 1910 г. - 22 июня 1911 г |
| 371 | ## | $a | Документ не является опубликованным и широко распространяемым |
| 461 | #0 | $1 | 001a74412a3-3cc5-4d21-8f0a-dfe2fbd9e72d |
| | $1 | 2001 |
| | $a | Департамент народного просвещения Министерства народного просвещения (1803-1917) |
| | $1 | 251 |
| | $c | Фонд |
| | $1 | 852 |
| | $j | 733 |
| 462 | #0 | $1 | 00183b7be38-9039-4a55-aea0-0d9bd5775b1a |
| | $1 | 2001 |
| | $a | Дела разряда учительских институтов, семинарий и низших учебных заведений |
| | $1 | 251 |
| | $c | Опись |
| | $1 | 852 |
| | $j | 177 |
| 517 | 1# | $a | Дело об отпуске кредита на преобразование городских училищ по Казанскому учебному округу. 7 января 1910 г. - 22 июня 1911 г |
| 801 | #0 | $a | RU |
| | $b | РГИА |
| | $c | 20200316 |
| | $g | RCR |
| 801 | #1 | $a | RU |
| | $b | ГлавНИВЦ |
| | $c | 20200316 |
| | $2 | rusmarc |
| 801 | #2 | $a | RU |
| | $b | ПБ им. Б.Н. Ельцина |
| | $c | 20201022 |
| | $g | RCR |
| | $2 | rusmarc |
| 850 | ## | $a | РГИА |
| 852 | ## | $a | РГИА |
| | $e | Федеральное казенное учреждение "Российский государственный исторический архив" (РГИА) |
| | $j | 74 |
| 937 | ## | $h | РГИА |
| | $d | 12341140 |
| | $a | ASBIBLIO_SCAN |
| 035 | ## | $a | RusGRCC00002628 |
| 856 | ## | $u | http://readingroom.main.prlib.ru/item.aspx?id_node=n149409864&mode=full |